000 00349nam a2200145Ia 4500
008 240624s9999 xx 000 0 und d
041 _aeng
082 _a005.133 SCH
100 _aSCHILDT HERBERT
245 _aC THE COMPLETE REFERENCE
250 _a(4th ed.)
260 _c2004
_aNew Delhi
_bTata McGrawhill
300 _axxxii, : 1036
365 _cRS
999 _c104
_d104